00710 a2200205 450000500170000001000130001702000260003003500130005603700180006908200080008710000250009524501140012026000270023427000100026130000220027170000250029394200270031899900190034595201400036420241128151400.0 aB-761281 a9789364683593c605.00 aB-761281 bGift/28.11.24 a540 aLakhmir Singh974280 aS. Chand's Lakhmir Singh's Chemistry;bAsper 2026 Syllabus for ICSE Class X /cLakhmir Singh and Manjit Kaur aU.P.bS. Chand'sc2025 aU. P. a309 p.c25cm (Pb) aKaur, Manjit 974251 adplcCH2ddch540mLAK c207162d207162 001040708NFICaAVbAVd2024-11-28eGift/28.11.24g605.00l0o540 LAKpB-761281r2024-11-28 00:00:00t1v605.00w2024-11-28yCHzGift